[Event "BRA-ch Etapa 9th"]
[Site "Teresina"]
[Date "2002.09.??"]
[Round "3"]
[White "Lopes, Lavoisier Soares"]
[Black "Pinto, Jose Ulisses"]
[Result "0-1"]
[WhiteElo "1921"]
[BlackElo "1742"]
[PlyCount "88"]
[EventDate "2002.10.03"]
[EventType "swiss"]
[EventRounds "6"]
[EventCountry "BRA"]
[SourceTitle "EXT 2006"]
[Source "ChessBase"]
[SourceDate "2005.11.24"]
[SourceVersion "1"]
[SourceVersionDate "2005.11.24"]
[SourceQuality "1"]

1. d4 d5 2. Nf3 Bg4 3. Ne5 Bf5 4. g4 Bd7 5. Bg2 c6 6. Nd2 g6 7. c4 e6 8. e4 Nf6 9. Qf3 Bd6 10. Nxf7 Kxf7 11. e5 Kg7 12. exd6 Rf8 13. 0-0 Ne4 14. Qh3 Nxd6 15. Nf3 Kg8 16. Bg5 Rxf3 17. Bxd8 Rxh3 18. Bxh3 Nxc4 19. f4 Na6 20. Bf6 Rf8 21. Be5 Nb4 22. b3 Nxe5 23. fxe5 g5 24. Rxf8+ Kxf8 25. Bf1 Be8 26. a4 a5 27. Rc1 Bg6 28. Kf2 Bc2 29. Ra1 Bxb3 30. Ra3 Bc2 31. Be2 b6 32. Ke1 c5 33. dxc5 bxc5 34. Bb5 c4 35. Kd2 Bb3 36. Rxb3 cxb3 37. Kc3 Ke7 38. Kxb3 Kd8 39. Kc3 Kc7 40. Be8 Nc6 41. Bf7 Nxe5 42. Bxe6 Kd6 43. Bf5 h6 44. Kd2 Nc4+ 0-1